000 00841nam a2200253Ia 4500
003 OSt
005 20220923221913.0
006 a|||||r|||| 00| 0
007 ta
008 220922b |||||||| |||| 00| 0 hin d
024 _a200,964
037 _cTextual
040 _aARTS
_cARTS
_bhin
041 _2hin
_ahin
082 _aO168,1N52x, 152N9
100 _aशाकिर, परवीन
_9156290
245 0 _aमेरी लोकप्रिय ग़ज़लें
246 _aMerī lokapriya ग़ज़lean
260 _aनई दिल्ली
_b विजय पब्लिशर्स
_c1999
300 _a120पृ.
_ccm.
650 _aहिन्दी साहित्य
_9156264
942 _hO168,1N52x, 152N9
_cTEXL
_2CC
999 _c352627
_d352627